Представление документа в формате RUSMARC

ПолеНазваниеЗначение
  Тип записи a
  Библиографический уровень c
001 Контрольный номер RU/SLIB/B/208777482
005 Дата корректировки 20201206204327.0
010 Индекс ISBN __
d Цена 0-40
101 Язык документа __
a Язык текста rus
200 Заглавие и сведения об ответственности __
a Заглавие Любовь Яровая
f Первые сведения об ответственности К. А. Тренев. Бронепоезд 14-69 / В. В. Иванов
b Общее обозначение материала Текст
210 Выходные данные __
a Место издания Киев
c Издательство Мистецтво
d Дата издания 1976
215 Физическое описание __
a Объем 171 с., 1 л. портр.
327 Примечание о содержании __
a Примечание о содержании Бронепоезд 14-69 / В. В. Иванов
606 Тематические рубрики __
a Основная рубрика Художественная литература
z Хронологическая подрубрика 20 в.
y Географическая подрубрика Россия
606 Тематические рубрики __
a Основная рубрика Русская литература XX в. (произведения)
610 Ключевые слова __
a Ключевые слова писатели; проза; прозаики; пьесы; драматурги; драматургия
686 Индексы других классификаций __
a Классификационный индекс 84(2Рос=Рус)6-4
700 Автор __
a Фамилия Тренев
b Имя К. А.
4 Код отношения 070
702 Вторичная интеллектуальная ответственность __
a Фамилия Иванов
b Имя В. В.
4 Код отношения Автор
4 Код отношения 070
801 Источник записи _0
a Страна RU
b Организация Муниципальное бюджетное учреждение культуры "Централизованная библиотечная система" г. Сургут (Центральная городская библиотека им. А. С. Пушкина)
g Правила каталогизации КиК/Лебедева
801 Источник записи _1
a Страна RU
b Организация Муниципальное бюджетное учреждение культуры "Централизованная библиотечная система" г. Сургут (Центральная городская библиотека им. А. С. Пушкина)
g Правила каталогизации КиК/Лебедева
852 Данные о местонахождении __
j Шифр хранения 84(2Рос=Рус)6-4
i Авторский знак Т 66
p Инвентарный номер 59321(с); 49556(с)
901 Тип документа __
t Тип документа x
969 Тип издания __
a Тип издания сборник
990 Данные о заказе (DOS) __
j Количество экземпляров (DOS) 2
t N записи в КСУ для И/У (DOS) ретро